Cambrian Animals - Statistics

General Stats
  • This quiz has been taken 76 times
  • The average score is 6 of 12
Answer Stats
Picture Answer % Correct
Anomalocaris
85%
Trilobite
85%
Jellyfish
80%
Opabinia
74%
Hallucigenia
72%
Sea star
72%
Snail
59%
Pikaia
41%
Crinoid
26%
Sea Pen
20%
anenome
9%
Canadaspis
9%
No matching quizzes found
Score Distribution
Percent of People with Each Score
Percentile by Number Answered
Your Score History
You have not taken this quiz